000 00667nam a2200205Ia 4500
005 20260121110301.0
008 008 260114s9999 xx 000 0 hin d
020 _a9788132351740
037 _aEBOOK
040 _aCRL
_bhin
_cCRL
041 _ahin
_2hin
084 _qCRL
100 _aआशुतोष झा / Ashutosh Jha
_9944275
245 0 _aभारतीय राज्य और लोक नृत्य / Bhartiya Rajya aur Lok Nritya
260 _bभाषा प्रकाशन / Bhasha Prakashan
_c2020
856 _uhttps://bhashaprakashan.com/product-details/378514
942 _cEBOOK
999 _c1535939
_d1535939